Mystery shopping v predajniach vybranej firmy bakalárska práca

Uložené v:
Podrobná bibliografia
Hlavný autor: Bachratá, Tereza
Korporativný autor: Obchodná fakulta EU. Katedra marketingu
Ďalší autori: Kopaničová, Janka, 1979-
Médium: Kniha
Jazyk:Slovak
Vydavateľské údaje: Bratislava 2015
Tagy: Pridať tag
Žiadne tagy, Buďte prvý, kto otaguje tento záznam!

MARC

LEADER 00000nbm a2200000 4500
001 0203196
005 20161212105250.6
041 0 |a slo 
044 |a SK 
245 1 0 |a Mystery shopping v predajniach vybranej firmy  |b bakalárska práca  |c Tereza Bachratá ; školiteľ: Janka Kopaničová 
264 1 |a Bratislava  |c 2015 
300 |a 43 s. 
100 1 |a Bachratá, Tereza 
700 1 |a Kopaničová, Janka, 1979- 
710 2 |a Obchodná fakulta EU. Katedra marketingu